<?xml version="1.0" encoding="UTF-8"?>
<record
    xmlns:xsi="http://www.w3.org/2001/XMLSchema-instance"
    xsi:schemaLocation="http://www.loc.gov/MARC21/slim http://www.loc.gov/standards/marcxml/schema/MARC21slim.xsd"
    xmlns="http://www.loc.gov/MARC21/slim">

  <leader>01372nam a2200205Ia 4500</leader>
  <controlfield tag="008">120626s2005    mx a          000 0 spa d</controlfield>
  <datafield tag="020" ind1=" " ind2=" ">
    <subfield code="a">9706402705</subfield>
  </datafield>
  <datafield tag="050" ind1=" " ind2=" ">
    <subfield code="a">RJ84.M6 </subfield>
    <subfield code="b">E57 2005</subfield>
  </datafield>
  <datafield tag="245" ind1="1" ind2="3">
    <subfield code="a">La ense&#xF1;anza de la pediatr&#xED;a en M&#xE9;xico</subfield>
    <subfield code="b"> : siglo XXI</subfield>
    <subfield code="c"> / Jes&#xFA;s Kumate (coordinador)</subfield>
  </datafield>
  <datafield tag="260" ind1="3" ind2=" ">
    <subfield code="a">M&#xE9;xico</subfield>
    <subfield code="b"> : El Colegio Nacional</subfield>
    <subfield code="c">, 2005</subfield>
  </datafield>
  <datafield tag="300" ind1=" " ind2=" ">
    <subfield code="a">237 p&#xE1;ginas</subfield>
    <subfield code="b"> : ilustraciones</subfield>
  </datafield>
  <datafield tag="504" ind1=" " ind2=" ">
    <subfield code="a">Incluye referencias al final de cada cap&#xED;tulo</subfield>
  </datafield>
  <datafield tag="505" ind1=" " ind2=" ">
    <subfield code="a">La ense&#xF1;anza de la pediatr&#xED;a en el siglo XXI. Jes&#xFA;s Kumate
Las dos caras de la transici&#xF3;n epidemiol&#xF3;gica. Romeo S. Rodr&#xED;guez
Nuevos m&#xE9;todos de ense&#xF1;anza en el curriculum del estudiante de medicina. Javier Rodr&#xED;guez Su&#xE1;rez
La ense&#xF1;anza de la especialidad de pediatr&#xED;a &#xBF;por edades biol&#xF3;gicas o por especialidades? Luis Jasso Guti&#xE9;rrez
La investigaci&#xF3;n en la educaci&#xF3;n pedi&#xE1;trica. Roberto R. Kretschmer
Bio&#xE9;tica en la pr&#xE1;ctica de la pediatr&#xED;a. Roberto Uribe El&#xED;as
Prevenci&#xF3;n en pediatr&#xED;a. Jes&#xFA;s Kumate</subfield>
  </datafield>
  <datafield tag="519" ind1=" " ind2=" ">
    <subfield code="a">Material Complementario / </subfield>
    <subfield code="b">Enfermer&#xED;a /</subfield>
    <subfield code="c">Enfermer&#xED;a de la ni&#xF1;ez y la adolescencia (1510) /</subfield>
    <subfield code="d">(23 001438)</subfield>
  </datafield>
  <datafield tag="519" ind1=" " ind2=" ">
    <subfield code="a">Material Complementario /</subfield>
    <subfield code="d">(03 007973)</subfield>
  </datafield>
  <datafield tag="650" ind1="1" ind2="0">
    <subfield code="a">PEDIATR&#xCD;A</subfield>
    <subfield code="x">ESTUDIO Y ENSE&#xD1;ANZA</subfield>
    <subfield code="z">M&#xC9;XICO</subfield>
  </datafield>
  <datafield tag="700" ind1=" " ind2=" ">
    <subfield code="a">Kumate, Jes&#xFA;s </subfield>
    <subfield code="e">editor</subfield>
  </datafield>
  <datafield tag="942" ind1=" " ind2=" ">
    <subfield code="c">LB</subfield>
  </datafield>
  <datafield tag="952" ind1=" " ind2=" ">
    <subfield code="0">0</subfield>
    <subfield code="1">0</subfield>
    <subfield code="4">0</subfield>
    <subfield code="7">0</subfield>
    <subfield code="a">07</subfield>
    <subfield code="b">07</subfield>
    <subfield code="d">2012-01-21</subfield>
    <subfield code="l">0</subfield>
    <subfield code="o">RJ84.M6 E57 2005</subfield>
    <subfield code="p">07 003011</subfield>
    <subfield code="r">2012-06-26</subfield>
    <subfield code="t">1</subfield>
    <subfield code="w">2012-06-26</subfield>
    <subfield code="y">LB</subfield>
  </datafield>
  <datafield tag="952" ind1=" " ind2=" ">
    <subfield code="0">0</subfield>
    <subfield code="1">0</subfield>
    <subfield code="4">0</subfield>
    <subfield code="7">0</subfield>
    <subfield code="a">15</subfield>
    <subfield code="b">15</subfield>
    <subfield code="d">2010-08-30</subfield>
    <subfield code="l">0</subfield>
    <subfield code="p">15 003769</subfield>
    <subfield code="r">2017-12-07</subfield>
    <subfield code="t">1</subfield>
    <subfield code="w">2012-06-28</subfield>
    <subfield code="y">LB</subfield>
  </datafield>
  <datafield tag="952" ind1=" " ind2=" ">
    <subfield code="0">0</subfield>
    <subfield code="1">0</subfield>
    <subfield code="4">0</subfield>
    <subfield code="7">0</subfield>
    <subfield code="a">08</subfield>
    <subfield code="b">08</subfield>
    <subfield code="d">2010-09-06</subfield>
    <subfield code="l">0</subfield>
    <subfield code="o">RJ78 K95 2005</subfield>
    <subfield code="p">08 003655</subfield>
    <subfield code="r">2012-07-20</subfield>
    <subfield code="t">1</subfield>
    <subfield code="w">2012-07-20</subfield>
    <subfield code="y">LB</subfield>
  </datafield>
  <datafield tag="952" ind1=" " ind2=" ">
    <subfield code="0">0</subfield>
    <subfield code="1">0</subfield>
    <subfield code="4">0</subfield>
    <subfield code="7">0</subfield>
    <subfield code="a">03</subfield>
    <subfield code="b">03</subfield>
    <subfield code="d">2015-07-11</subfield>
    <subfield code="l">0</subfield>
    <subfield code="o">RJ84.M6 E57 2005</subfield>
    <subfield code="p">03 007973</subfield>
    <subfield code="r">2015-07-11</subfield>
    <subfield code="t">1</subfield>
    <subfield code="w">2015-07-11</subfield>
    <subfield code="y">LB</subfield>
  </datafield>
  <datafield tag="952" ind1=" " ind2=" ">
    <subfield code="0">0</subfield>
    <subfield code="1">0</subfield>
    <subfield code="4">0</subfield>
    <subfield code="7">0</subfield>
    <subfield code="a">23</subfield>
    <subfield code="b">23</subfield>
    <subfield code="d">2017-12-18</subfield>
    <subfield code="l">0</subfield>
    <subfield code="o">RJ84.M6  E57</subfield>
    <subfield code="p">23 001438</subfield>
    <subfield code="r">2017-12-18</subfield>
    <subfield code="t">1</subfield>
    <subfield code="w">2017-12-18</subfield>
    <subfield code="y">LB</subfield>
  </datafield>
  <datafield tag="999" ind1=" " ind2=" ">
    <subfield code="c">67773</subfield>
    <subfield code="d">67773</subfield>
  </datafield>
</record>
